Dopasuj kraj do piłkarza #3 - Statystyki

Ogólne statystyki
  • Ten quiz został rozwiązany 13 razy
  • Średni wynik to 11 z 15
Statystyki odpowiedzi
Hint Odpowiedź % Poprawnych
Arda Guler Turcja
100%
Dominik Szoboszlai Węgry
100%
Rasmus hojlund Dania
92%
Luis Dias Kolumbia
92%
Kaoru Mitoma Japonia
85%
Heung-Min Son Korea Południowa
85%
Kaylor Navas Kostaryka
85%
Stanislav Lobotka Słowacja
85%
Benjamin Sesko Słowenia
77%
William Pacho Ekwador
69%
Thomas Partey Ghana
69%
Edson Alvares Meksyk
62%
Bogdan Racovitan Rumunia
62%
Gvidas Gineitis Litwa
38%
Oliver Antman Finlandia
8%
Nie znaleziono quizów pasujących do podanych kryteriów
Rozkład punktacji
Procent ludzi z każdym wynikiem
Percentyl według liczby udzielonych odpowiedzi
Twoja historia wyników
Nie rozwiązałeś tego quizu